Storage and Control of Stock: For Commerce, Industry and Public Undertakings. (Record no. 4856)

MARC details
005 - DATE AND TIME OF LATEST TRANSACTION
control field 20250624120559.0
020 ## - INTERNATIONAL STANDARD BOOK NUMBER
International Standard Book Number 0-273-02504-x
082 ## - DEWEY DECIMAL CLASSIFICATION NUMBER
Classification number 658.78 JES
100 ## - MAIN ENTRY--PERSONAL NAME
Author name JESSOP, D.
245 ## - TITLE STATEMENT
Title Storage and Control of Stock: For Commerce, Industry and Public Undertakings.
250 ## - EDITION STATEMENT
Edition statement 4th Ed,
260 ## - PUBLICATION, DISTRIBUTION, ETC.
Place of publication, distribution, etc. London,
Name of publisher, distributor, etc. JESSOP, D.
Date of publication, distribution, etc. 1986.
300 ## - PHYSICAL DESCRIPTION
Extent xi, 307p; ill figure, picture & table
Other physical details Appendix & Index
Dimensions 21.5cm
700 ## - ADDED ENTRY--PERSONAL NAME
Other authors/Editors MORRISON, A.
942 ## - ADDED ENTRY ELEMENTS (KOHA)
Source of classification or shelving scheme Dewey Decimal Classification
Koha item type Books
Holdings
Date last seen Total checkouts Full call number Barcode Cost, replacement price Price effective from Koha item type Lost status Source of classification or shelving scheme Damaged status Not for loan Withdrawn status Home library Current library Shelving location Date acquired Cost, normal purchase price
06/24/2025   658.78 JES DOM0003645 30000.00 06/24/2025 Books   Dewey Decimal Classification       CBE Dodoma CBE Dodoma Special Reserve Collection 12/13/1988 10000.00